000 00434nam a2200157 a 4500
001 000031901
005 20200930063252.0
008 110707s1988 dr 000 0 spa d
040 _aDO-SdBNP
_bspa
_cBNPHU
082 _axxx
_bE82i
100 1 _aEstrella Rodríguez, Víctor Antonio
_956960
245 1 3 _aLa isla del estío/.
260 _aSantiago de los Caballeros :
_b[s.n.] ,
_c1988.
300 _a44 p. ;
_c21 cm.
049 _aBNPD
999 _c31392
_d31392